[Event "Titled Tuesday intern op 10th Nov"]
[Site "Chess.com INT"]
[Date "2020.11.10"]
[Round "3"]
[White "Janaszak, Dawid"]
[Black "Makogon, Natalya"]
[Result "1-0"]
[WhiteElo "2348"]
[BlackElo "2167"]
[PlyCount "63"]
[EventDate "2020.11.10"]
[EventType "swiss (blitz)"]
[EventRounds "11"]
[EventCountry "USA"]
[SourceTitle "CBM 199 Extra"]
[Source "ChessBase"]
[SourceDate "2021.01.31"]
[SourceVersion "1"]
[SourceVersionDate "2021.01.31"]
[SourceQuality "1"]

1. d4 d5 2. Nf3 c6 3. Bf4 e6 4. Nbd2 Nf6 5. e3 Bd6 6. Ne5 0-0 7. Bd3 c5 8. c3 cxd4 9. exd4 Nc6 10. Ndf3 Nxe5 11. dxe5 Nh5 12. Bxh7+ Kh8 13. Bg5 Be7 14. Bxe7 Qxe7 15. Bc2 g6 16. Qd2 f5 17. exf6 Rxf6 18. Qh6+ Qh7 19. Qg5 Qf7 20. Ne5 Qg7 21. Nxg6+ Rxg6 22. Bxg6 Nf6 23. h4 Bd7 24. h5 Rg8 25. 0-0-0 Ne4 26. Qe3 Rf8 27. Bxe4 dxe4 28. h6 Qxg2 29. Rhg1 Qf3 30. Qxf3 Rxf3 31. Rxd7 Rxf2 32. h7 1-0

[Event "Titled Tuesday intern op 10th Nov"]
[Site "Chess.com INT"]
[Date "2020.11.10"]
[Round "2"]
[White "Makogon, Natalya"]
[Black "Denishev, Marat"]
[Result "0-1"]
[WhiteElo "2167"]
[BlackElo "2159"]
[PlyCount "84"]
[EventDate "2020.11.10"]
[EventType "swiss (blitz)"]
[EventRounds "11"]
[EventCountry "USA"]
[SourceTitle "CBM 199 Extra"]
[Source "ChessBase"]
[SourceDate "2021.01.31"]
[SourceVersion "1"]
[SourceVersionDate "2021.01.31"]
[SourceQuality "1"]

1. e4 c5 2. c4 Nc6 3. Nc3 g6 4. g3 Bg7 5. Bg2 e6 6. Nge2 Nge7 7. 0-0 0-0 8. a3 Nd4 9. Rb1 a5 10. Nb5 Nxb5 11. cxb5 d5 12. exd5 exd5 13. d4 Bf5 14. Ra1 c4 15. Be3 Qb6 16. Nc3 Rfd8 17. a4 Be6 18. Qd2 Nf5 19. h3 Bxd4 20. Bxd4 Nxd4 21. Rad1 Nb3 22. Qg5 Nc5 23. Bxd5 Nd3 24. Bxe6 Qxe6 25. Qg4 Qxg4 26. hxg4 Nxb2 27. Rxd8+ Rxd8 28. Re1 Rd3 29. Re8+ Kg7 30. Ne4 h6 31. Nc5 Rd1+ 32. Kg2 b6 33. Ne4 Nxa4 34. Re7 Re1 35. f3 Rb1 36. Rb7 Rb2+ 37. Kh3 Nc5 38. Nxc5 bxc5 39. Rc7 Rxb5 40. f4 c3 41. f5 gxf5 42. gxf5 c2 0-1